00848nam a22002537a 450000500170000001000110001702000220002803500110005003700160006104000120007708200190008924500840010826000440019227000440023630000240028050000200030465000260032465000220035070000290037270000220040194200280042399900190045195201240047020170124110047.0 a744611 c00.00a0396064299 a744611 bCen Lib/Ret aDPLbEN a792.90973bBES aThe plays of 1970-1971 /cedited by Otis L. Guernsey: illustrated by Hirscheld  aNew York bDood, Mead & Company c1971 bNew York a1350 avenue of the americas axi, 450p.c23cm(Hb) aIncludes index  aAmerican drama924709 aTheaterv 924710 aGuernsey, Otis L.924698 aHirscheld 924711 2ddccENh792.90973mBES c128882d128882 00104070aLbLd2015-07-03eCen Lib/Retg0.00l0o792.90973 BESp744611r2015-07-03 00:00:00t1v0.00w2015-07-03yEN